| 000 | 00870cad a22002175a 4500 | ||
|---|---|---|---|
| 001 | E152323 | ||
| 008 | 110221e20110218xxkb f s000 0 eng d | ||
| 035 | _a(Sirsi) u152323 | ||
| 041 | 0 | _aeng | |
| 100 | 1 | _aHough, Richard | |
| 245 | 0 | 4 |
_aProperty Factors (Scotland) Bill _bstage 3 _h[electronic resource] |
| 260 |
_aEdinburgh _bScottish Parliament _c2011 |
||
| 490 | 0 |
_aSPICe Briefing _v(11/15) 18 February 2011 |
|
| 520 | _aLooks at issues raised in the stage 1 and 2 proceedings of the Property Factors (Scotland) Bill, prior to the stage 3 proceedings planned for 3 March 2011. | ||
| 521 | _aAdvanced | ||
| 590 | _aKA | ||
| 651 | 4 |
_aScotland _y1999- |
|
| 690 |
_aLandlord and tenant _96252 |
||
| 856 | 4 | 0 |
_uhttps://www.scottish.parliament.uk/business/research/briefings-11/SB11-15.pdf _zView the briefing free of charge at www.scottish.parliament.uk |
| 942 | _n0 | ||
| 999 |
_c111997 _d111997 |
||